[Event "Open de Sevilla 2012"]
[Site "?"]
[Date "2012.01.10"]
[Round "4"]
[White "Barrenechea Bahamonde, Gustavo"]
[Black "Komljenovic, Davirin"]
[Result "0-1"]
[WhiteElo "2228"]
[BlackElo "2457"]
[Annotator "Montecatine,R"]
[PlyCount "141"]
[EventDate "2012.01.10"]
[SourceDate "2012.01.07"]

1. e4 g6 2. d4 Bg7 3. Nc3 c5 4. dxc5 Bxc3+ 5. bxc3 Qa5 6. Qd4 Nf6 7. Bd2 Nc6 8.
Qe3 b6 (8... Ng4) 9. cxb6 Qxb6 10. Qxb6 axb6 11. Bd3 $14 Ra4 12. f3 Ba6 13. Nh3
Ne5 14. Nf2 O-O 15. Be3 Rb8 16. Bf4 d6 17. Bxe5 dxe5 18. Kd2 Bc4 19. Bxc4 Rxc4
20. Rhb1 Nd7 21. Rb4 Rc7 22. a4 Ra8 23. Nd3 f6 24. Ra3 Kf7 25. Kc1 (25. c4)
25... g5 26. Rb5 Rca7 27. Nb2 h5 28. Rb4 g4 29. Nc4 Ra6 30. fxg4 hxg4 31. Ne3
Rg8 (31... g3 32. h3 (32. hxg3 Nc5 $11) 32... Nc5 33. Nf5 b5 34. Rxb5 Nxe4 $11)
32. Kd2 Nc5 33. Ke2 e6 34. Kf2 Rg5 35. Ra1 f5 (35... Kg6) 36. exf5 exf5 37. Kg1
(37. Nc4 $16) 37... f4 38. Nc4 Nd7 39. Rd1 {Diagrama #} Ke7 $2 40. Rd5 $6 (40.
a5 $18 {el blanco ya estaba muy apurado de tiempo}) 40... Ra7 41. Rdb5 Rc7 42.
Nxb6 Nxb6 43. Rxb6 Rxc3 44. Rb2 (44. Rh6) 44... g3 45. h3 (45. a5) 45... Rg8 (
45... e4) 46. Rh6 Kd7 47. a5 (47. Kf1 $14) 47... Ra3 $11 48. Kf1 Rxa5 49. Rb7+
Kc8 50. Rf7 Kb8 51. Re7 f3 52. Rb6+ Kc8 53. Rb1 f2 54. Reb7 Rd8 $2 (54... Rg6
55. R7b3 Kd7 $15) 55. Rg7 $2 (55. R7b3 $16 Rd2 56. Rxg3 Rxc2 57. Rf3 Raa2 58.
Rd1 Kc7 59. g4 $16) 55... Ra3 $17 56. Rg5 Rd5 (56... Re3) 57. Ke2 (57. h4)
57... Rc3 $19 58. Rb2 $2 (58. Kf1) 58... Rdc5 (58... Re3+ $19) 59. Kf1 {
Diagrama #} Rxc2 $2 (59... Re3) 60. Rxc2 Rxc2 61. Rxg3 $16 Kd7 62. Rf3 Ke6 63.
Rxf2 Rc1+ 64. Ke2 Kd5 65. Kd2 (65. Kf3 $16) 65... Ra1 66. Ke2 Kd4 67. Rf1 Ra2+
68. Kf3 e4+ 69. Kg3 Kd3 70. h4 e3 71. h5 {Diagrama # tiempo} 0-1

[Event "Open de Sevilla 2012"]
[Site "?"]
[Date "2012.01.10"]
[Round "4"]
[White "Teran Alvarez, Ismael"]
[Black "Valenti, Giuseppe"]
[Result "1-0"]
[WhiteElo "2422"]
[BlackElo "2172"]
[Annotator "Montecatine,R"]
[PlyCount "78"]
[EventDate "2012.01.10"]
[SourceDate "2012.01.07"]

1. e4 c5 2. Nf3 a6 3. c3 d5 4. exd5 Qxd5 5. d4 Nf6 6. Be2 e6 7. O-O Nc6 8. Be3
cxd4 9. Nxd4 e5 10. c4 Qd6 11. Nxc6 Qxc6 12. Nc3 Be6 13. Rc1 Be7 14. Bg5 O-O
15. Bf3 Qb6 16. Qe2 Rfe8 17. b3 Qc7 18. Rfe1 {Diagrama #} Rac8 (18... Rad8) 19.
h3 (19. Qxe5 Bd6 20. Qd4 $16 Bxh2+ $2 21. Kh1 Rcd8 22. Bd5 $18) 19... Nd7 20.
Nd5 Bxd5 21. cxd5 Qd6 22. Rxc8 Rxc8 23. Bxe7 Qxe7 24. d6 Qxd6 25. Bxb7 Rc5 26.
Rd1 Qc7 27. Bxa6 $18 g6 28. Qd3 Nf8 29. Bc4 Kg7 30. a4 Rc6 31. Qe3 f6 32. Rd5
Nd7 33. Bb5 Nb6 34. Rd3 Rd6 35. Rc3 Rd1+ 36. Bf1 Qd8 37. Rc1 Rd6 38. Qc3 Kg8
39. a5 Nd5 1-0

[Event "Open de Sevilla 2012"]
[Site "?"]
[Date "2012.01.10"]
[Round "4"]
[White "Malakhatko, Vadim"]
[Black "Delgado Serrano, Angel"]
[Result "1-0"]
[WhiteElo "2524"]
[BlackElo "2162"]
[Annotator "Montecatine,R"]
[PlyCount "77"]
[EventDate "2012.01.10"]
[SourceDate "2012.01.07"]

1. c4 e6 2. d4 Nf6 3. Nf3 d5 4. Nc3 c6 5. e3 Nbd7 6. Bd3 dxc4 7. Bxc4 b5 8. Bd3
a6 9. a4 b4 10. Ne4 c5 11. Nxf6+ Nxf6 12. dxc5 Bxc5 13. e4 Bb7 14. Qe2 Qc7 15.
O-O O-O 16. Bg5 Nd7 17. Rac1 Rfc8 18. Rfd1 h6 19. Bd2 Qb6 20. Bf4 Nf6 21. Ne5
b3 22. Nc4 Qb4 23. Ra1 Ba7 (23... Bc6) 24. Bd6 (24. Bd2 Qc5 25. Na5 $16) 24...
Bc5 25. Be5 {Diagrama #} Bxf2+ $2 26. Kxf2 Bxe4 27. Bxf6 Bxd3 28. Rxd3 Rxc4 29.
Bc3 $18 Qc5+ 30. Qe3 Qc6 31. a5 Rc8 32. Kg1 Re4 33. Qf2 Qb5 34. Rad1 Rcc4 35.
Rg3 Rg4 36. Rxg4 Rxg4 37. Rd8+ Kh7 38. Qxf7 Qc5+ 39. Kh1 1-0

[Event "Open de Sevilla 2012"]
[Site "?"]
[Date "2012.01.10"]
[Round "4"]
[White "Cornette, Matthieu"]
[Black "Pogorelov, Ruslan"]
[Result "0-1"]
[WhiteElo "2547"]
[BlackElo "2415"]
[Annotator "Montecatine,R"]
[PlyCount "110"]
[EventDate "2012.01.10"]
[SourceDate "2012.01.07"]

1. c4 Nf6 2. g3 e6 3. Bg2 d5 4. Nf3 dxc4 5. Na3 Bxa3 6. bxa3 O-O 7. Qc2 Nc6 8.
Bb2 Qd6 9. Qxc4 e5 10. O-O Be6 11. Qc3 (11. Qc2 Rab8 12. Rfc1 Rfc8 13. Qc3 Nd5
14. Qc5 f6 15. d4 Qxc5 16. Rxc5 exd4 17. Nxd4 Nxd4 18. Bxd4 Nb6 19. Rac1 Rd8
20. e3 c6 21. R5c2 Rd7 22. Bf1 Rbd8 23. Be2 Kf7 24. f3 Nc8 25. a4 Rd5 26. Bc3
b6 27. a5 bxa5 28. Be1 Ne7 29. e4 Rd4 30. Bxa5 R8d7 31. a3 f5 32. exf5 Bxf5 33.
Rb2 Bd3 34. Bc3 R4d5 35. Bd1 Rc5 36. Rd2 Bf5 37. Bb3+ Ke8 38. Rxd7 Bxd7 39. Kf2
Bf5 40. g4 Bg6 41. h4 h5 42. Bd2 Rxc1 43. Bxc1 hxg4 44. fxg4 Bf7 45. Ba4 g6 46.
Be3 a6 47. Bc5 Kd7 48. Bxe7 Kxe7 49. Bxc6 Kd6 50. Be4 Ke5 51. Ke3 a5 52. Bc2
Be8 53. Bd3 Bf7 54. Bb5 Be6 55. Kf3 Bd5+ 56. Kg3 Be4 57. Be8 Bc2 58. Bb5 Be4
59. Ba4 Bd3 60. Kf3 Be4+ 61. Ke3 Bd5 62. Be8 Be4 63. h5 gxh5 64. gxh5 Bc2 65.
Bb5 Kf6 66. Bd3 Bd1 67. h6 Bb3 68. Kd4 Bd1 69. Kc5 Bb3 70. Kb5 a4 71. Ka5 Bd1
72. Kb4 Kf7 73. Bb5 Kg6 74. Bxa4 Be2 75. Bb3 Kxh6 76. a4 Kg7 77. Bc4 Bf3 78.
Kc5 Kf8 79. Kd6 Ke8 80. Kc7 Ke7 81. a5 Kf6 82. a6 Ke5 83. a7 Kd4 84. Ba6 {
1-0 (84) Burmakin,V (2615)-Pogorelov,R (2423)/Salou 2008}) 11... Nd5 12. Qc2 f6
13. Rfd1 Rfd8 14. d4 exd4 15. Nxd4 Nxd4 16. Rxd4 Qe7 17. Rad1 c6 18. Qd3 Re8
19. Be4 h6 20. Bh7+ Kh8 21. Bg6 Bf7 22. Bxf7 (22. e3 Bxg6 23. Qxg6 Nb6 $11)
22... Qxf7 23. e4 Nb6 {Diagrama #} 24. Ba1 (24. Qb3 Qxb3 25. axb3 c5 26. R4d2
Rxe4) (24. Bc3 $11) 24... Qxa2 25. Qf3 Qf7 26. a4 Re7 27. Qd3 c5 28. Rd6 Nxa4
29. f4 Nb6 (29... c4 30. Qa3 b5 $17) 30. e5 fxe5 31. Bxe5 Kg8 32. Qe4 Rae8 $19
33. Rg6 Nd7 34. Rf1 Rf8 35. Rc1 Nxe5 36. fxe5 Rxe5 37. Qxe5 Qxg6 38. Qxc5 b6
39. Qe3 Qf7 40. Ra1 Kh8 41. Qd4 Qc7 42. Qe3 a5 43. Rb1 Qc5 44. Qxc5 bxc5 45.
Rb5 Ra8 46. Rxc5 a4 47. Rc2 a3 48. Ra2 Kh7 49. Kf2 Kg6 50. Ke3 Kf5 51. h3 h5
52. Kd4 Kg5 53. Ke5 h4 54. g4 Ra4 55. Ke6 Kf4 0-1

[Event "Open de Sevilla 2012"]
[Site "?"]
[Date "2012.01.10"]
[Round "4"]
[White "Burmakin, Vladimir"]
[Black "Gonzalez Galvan, Juan Manuel"]
[Result "1-0"]
[WhiteElo "2593"]
[BlackElo "2214"]
[Annotator "Montecatine,R"]
[PlyCount "93"]
[EventDate "2012.01.10"]
[SourceDate "2012.01.07"]

1. Nf3 Nf6 2. c4 g6 3. b3 Bg7 4. Bb2 O-O 5. g3 d6 6. d4 Nbd7 7. Bg2 e5 8. dxe5
dxe5 9. O-O e4 10. Ne1 Nc5 11. Nc2 Bg4 12. Qe1 Qd7 13. Ne3 Bh3 14. Na3 Bxg2 15.
Kxg2 Ng4 16. Bxg7 Nxe3+ 17. fxe3 Kxg7 18. Rd1 Qe7 19. Qc3+ Kg8 20. Nb5 f5 21.
Rd2 c6 22. Nd6 Rf6 (22... Rfd8) 23. Rfd1 g5 {Diagrama #} (23... b6) 24. b4 (24.
Nxb7 $18) 24... Ne6 25. Qe5 Raf8 26. Rf1 f4 27. exf4 Nxf4+ 28. gxf4 Qxe5 29.
fxe5 Rxf1 30. e6 (30. e3 Re1 31. e6 Rff1 $11) 30... e3 (30... R8f2+ 31. Kh3 Kf8
$11) 31. Rd3 (31. Rd4 R8f2+ 32. Kh3 Kf8 33. Re4 $11) 31... R8f2+ (31... R1f2+
32. Kg3 Rxe2 33. e7 Rd2 34. Rxe3 Rxd6 35. exf8=Q+ Kxf8 $17) 32. Kh3 g4+ 33. Kh4
Kf8 (33... Rxh2+ 34. Kg5 Kg7 35. e7 Rg2 36. e8=N+ $11) 34. Rxe3 Ke7 35. Nc8+
Ke8 36. e7 Rxh2+ 37. Kg5 Rd1 38. c5 Rd5+ 39. Kf6 {Diagrama #} Rh6+ $2 (39... g3
40. Nd6+ (40. Rxg3 Rf2+ 41. Rf3 Rxe2) 40... Rxd6+ 41. cxd6 Rh6+ 42. Ke5 g2 43.
Rg3 Kd7 44. Rxg2 Re6+ 45. Kf5 Kxd6 $11) 40. Kg7 $18 Rdh5 41. Nd6+ Rxd6 42. cxd6
Rd5 43. Rd3 g3 44. Rxd5 cxd5 45. Kf6 g2 46. Ke6 g1=Q 47. d7# 1-0

[Event "Open de Sevilla 2012"]
[Site "?"]
[Date "2012.01.11"]
[Round "5"]
[White "Komljenovic, Davorin"]
[Black "Burmakin, Vladimir"]
[Result "1-0"]
[WhiteElo "2457"]
[BlackElo "2593"]
[Annotator "Montecatine,R"]
[PlyCount "85"]
[EventDate "2012.01.11"]
[SourceDate "2012.01.07"]

1. g3 d5 2. Bg2 c6 3. d3 e5 4. Nf3 Nd7 5. e4 dxe4 6. dxe4 Ngf6 7. Nbd2 Bc5 8.
O-O O-O 9. c3 Re8 10. Qc2 Qc7 11. b4 Bf8 12. a4 a5 13. Ba3 c5 14. bxa5 Qxa5 15.
Bb2 Qc7 16. Nc4 Re6 $6 (16... Nb6 $11) 17. Rfd1 $14 b6 18. Ne3 Re8 19. c4 Ra7
20. Nd5 Nxd5 21. exd5 $14 (21. cxd5 $14) 21... Bd6 22. Re1 Nf8 23. Nd2 Bd7 (
23... f5 $5 $14 24. f3) 24. Ne4 $16 f6 25. Nc3 Rea8 (25... f5 $5) 26. Be4 Be8 (
26... g6) 27. Qd1 Qf7 28. Bc2 Qd7 29. Nb5 Ra6 30. h4 Bg6 31. h5 Bxc2 32. Qxc2
h6 33. Kg2 Nh7 34. Bc1 Rf8 35. Qg6 Rf7 36. Nxd6 (36. Bxh6 $2 Nf8 $17) 36...
Qxd6 37. f4 exf4 38. Re8+ Nf8 39. Bxf4 Qd7 40. Qe4 {Diagrama #} Rxa4 $2 (40...
Ra7 $16) 41. Rxa4 Qxa4 42. Bd6 Qd7 43. Qe6 1-0

[Event "Open de Sevilla 2012"]
[Site "?"]
[Date "2012.01.11"]
[Round "5"]
[White "Paunovic , Dragan"]
[Black "Estremera Panos , Sergio"]
[Result "1-0"]
[WhiteElo "2520"]
[BlackElo "2379"]
[Annotator "Montecatine,R"]
[PlyCount "53"]
[EventDate "2012.01.11"]
[SourceDate "2012.01.07"]

1. Nf3 Nf6 2. g3 d5 3. Bg2 g6 4. c4 c6 5. d4 Bg7 6. cxd5 cxd5 7. Nc3 O-O 8. Ne5
e6 9. O-O Nfd7 10. f4 Nc6 11. Be3 Ndxe5 12. dxe5 d4 13. Bxc6 dxc3 14. Bf3 cxb2
15. Qxd8 Rxd8 16. Rab1 f6 17. Rxb2 fxe5 18. fxe5 Bxe5 19. Rb3 Rb8 20. Bxa7 Ra8
21. Bb6 {Diagrama #} Bd4+ (21... Rd2 $11) 22. Bxd4 Rxd4 23. e3 (23. Rc1 $16)
23... Rd7 (23... Rc4) 24. Rc1 Rb8 (24... Rf7 25. Be4 Kg7 $14) 25. Rbc3 Rd8 26.
Rc7 Rf8 $2 (26... Ra8 $16) 27. Bg4 $18 1-0

[Event "Open de Sevilla 2012"]
[Site "?"]
[Date "2012.01.11"]
[Round "5"]
[White "Campora, Daniel H"]
[Black "Gomez Rebollo, Alfonso Carlos"]
[Result "1-0"]
[WhiteElo "2490"]
[BlackElo "2160"]
[Annotator "Montecatine,R"]
[PlyCount "71"]
[EventDate "2012.01.11"]
[SourceDate "2012.01.07"]

1. e4 e6 2. d4 d5 3. Nc3 Nf6 4. Bg5 Bb4 5. Nge2 dxe4 6. a3 Be7 7. Bxf6 gxf6 8.
Nxe4 b6 9. Qd3 Bb7 10. O-O-O Nd7 11. Kb1 f5 12. N4c3 Nf6 (12... c6 13. Nf4 Qc7
14. Qe3 O-O-O 15. h4 Nf6 16. Be2 Rhg8 17. g3 Ng4 18. Bxg4 Rxg4 19. Rhe1 Kb8 20.
Nce2 c5 21. dxc5 Rxd1+ 22. Rxd1 Bxc5 23. Qc3 Rg8 24. Nd3 Bd6 25. Qd2 Rc8 26.
Nb4 Be5 27. f4 Bf6 28. Qd6 a5 29. Qxc7+ Kxc7 30. Na2 Bf3 31. Rd2 Rg8 32. Nac3
Bxc3 33. Nxc3 Rxg3 34. Nb5+ Kc6 35. Nd4+ Kc5 36. Nb3+ Kb5 37. Rd7 Rg1+ 38. Nc1
Bh5 39. Rc7 Ka6 40. b4 axb4 41. axb4 Rf1 42. c4 b5 43. Rc6+ Kb7 44. cxb5 Be2
45. Rd6 Bxb5 46. Rd4 Rh1 47. Kb2 Rxh4 48. Kb3 Rh2 49. Kc3 Rh3+ 50. Kb2 h5 51.
Rd8 Rf3 52. Rf8 Rxf4 53. Nb3 Kc6 54. Kc3 e5 55. Rxf7 Rf3+ 56. Kd2 e4 57. Re7
Kd6 58. Re6+ Kd5 59. Re7 h4 60. Rb7 {
0-1 (60) Pilnik,H (2420)-Planinec,A (2510)/Mar del Plata 1971}) 13. h3 a6 14.
Rg1 Bd6 (14... h5) (14... Rg8) (14... Qd7) 15. g3 (15. g4 $5) 15... h5 16. Bg2
Bxg2 17. Rxg2 c6 18. f3 $14 b5 19. g4 hxg4 20. hxg4 fxg4 21. fxg4 $16 {
Diagrama #} a5 (21... Nd5) 22. g5 b4 (22... Nd5 23. Nxd5 cxd5 24. g6 $18) 23.
gxf6 $18 bxc3 24. Qxc3 Kd7 25. Qf3 Rb8 26. c4 (26. Nc3) 26... Qb6 27. Nc1 Qa6
28. c5 Bf8 29. Nd3 Ke8 30. Ne5 Rc8 31. Rdg1 Qb5 32. Rg8 Rh6 33. Qg2 Rxf6 34.
Rxf8+ Kxf8 35. Qg8+ Ke7 36. Qxc8 1-0

[Event "Open de Sevilla 2012"]
[Site "?"]
[Date "2012.01.11"]
[Round "5"]
[White "Perez Garcia , Roberto"]
[Black "Fernandez Romero, Ernesto"]
[Result "1/2-1/2"]
[WhiteElo "2185"]
[BlackElo "2471"]
[Annotator "Montecatine,R"]
[PlyCount "59"]
[EventDate "2012.01.11"]
[SourceDate "2012.01.07"]

1. e4 c5 2. Nf3 e6 3. d4 cxd4 4. Nxd4 Nc6 5. Nc3 Qc7 6. Be3 a6 7. Be2 Nf6 8.
O-O Bb4 9. Na4 Be7 10. Nxc6 bxc6 11. Nb6 Rb8 12. Nxc8 Qxc8 13. Bd4 Nxe4 14.
Bxg7 Rg8 15. Be5 d6 16. Qd3 f5 17. Bh5+ Kf8 18. Bc3 c5 (18... e5 19. f4 Nxc3
20. Qxc3 e4 21. Rad1 Qc7 22. Kh1 Rg7 23. Rg1 Qb6 24. b3 Qc5 25. Qxc5 dxc5 26.
Rd7 Bf6 27. Rd6 Bd4 28. Rd1 Rc8 29. g3 Ke7 30. Rh6 Bf6 31. Be2 a5 32. Rh5 Rd8
33. Rxd8 Kxd8 34. Rxf5 Bd4 35. Kg2 a4 36. Bc4 a3 37. Rf8+ Ke7 38. Ra8 Kf6 39.
Rxa3 Rd7 40. Ra6 Rd6 41. Bb5 Kf5 42. Bxc6 Rd8 43. c4 Bc3 44. Bd5 Re8 45. Kf2
e3+ 46. Kf3 h5 47. h3 e2 48. g4+ {
1-0 (48) Van den Doel,E (2582)-Klimm,W (2287)/Germany 2006}) 19. Rae1 c4 20.
Qe3 Nxc3 (20... e5 $5) 21. Qh6+ Rg7 22. bxc3 e5 23. Rb1 Rxb1 24. Rxb1 Kg8 25.
Qd2 Qd8 $2 {Diagrama #} (25... Qc6 26. Rb8+ Bf8 27. g3 $14) 26. g3 $6 $16 (26.
Qd5+ $18 Kh8 27. Be2) 26... Kh8 27. Qh6 Qc8 28. Qd2 Qa8 29. Qh6 Qc8 30. Qd2
1/2-1/2

[Event "Open de Sevilla 2012"]
[Site "?"]
[Date "2012.01.11"]
[Round "5"]
[White "Pogorelov, Ruslan"]
[Black "Haslinger, Stewart G"]
[Result "1/2-1/2"]
[WhiteElo "2415"]
[BlackElo "2534"]
[Annotator "Montecatine,R"]
[PlyCount "99"]
[EventDate "2012.01.11"]
[SourceDate "2012.01.07"]

1. Nf3 d5 2. d4 Nf6 3. c4 c6 4. Nc3 a6 5. e3 g6 6. Bd3 Bg7 7. O-O O-O 8. cxd5
cxd5 9. Qb3 Nc6 10. Bd2 Qd6 11. Rfc1 e5 12. dxe5 Nxe5 13. Ne2 Nxf3+ (13... Nxd3
14. Qxd3 Ne4 15. Bc3 Nxc3 16. Nxc3 Bf5 17. Qd2 Rfd8 18. Ne2) 14. gxf3 Re8 15.
Qb4 Qxb4 16. Bxb4 Nd7 17. Nd4 Ne5 18. Be2 Bd7 19. Rc7 Nc6 20. Rxd7 Nxb4 21.
Rxb7 (21. Rd1 Nxa2 22. Rxb7 $14) 21... Bxd4 (21... Rab8 22. Rxb8 Rxb8 23. a3
Bxd4 $11) 22. Rxb4 Bg7 23. Rd1 $16 d4 {Diagrama #} 24. e4 (24. Bc4 dxe3 25.
fxe3 Ra7 (25... Rxe3 26. Rd7) 26. e4 $16) 24... a5 25. Rb7 Rab8 26. Rxb8 Rxb8
27. b3 Rc8 28. Bc4 g5 29. h4 h6 30. hxg5 hxg5 31. Kf1 Be5 32. Ke2 Kg7 33. Rh1
Kg6 34. Kd3 Rh8 35. Rxh8 Bxh8 36. a4 Be5 37. b4 axb4 38. a5 Bc7 39. a6 Bb6 40.
Bb3 Kf6 41. Kc4 d3 42. Kxd3 Ke7 43. Kc4 Bxf2 44. e5 Ke6 45. Kxb4+ Kxe5 46. Bxf7
Kd6 47. Kc4 Kc7 48. Kd3 Kb6 49. Bc4 Bg3 50. Ke4 1/2-1/2

[Event "Open de Sevilla 2012"]
[Site "?"]
[Date "2012.01.11"]
[Round "5"]
[White "Saric, Ante"]
[Black "Van Der Weide, Karel"]
[Result "1/2-1/2"]
[WhiteElo "2528"]
[BlackElo "2445"]
[Annotator "Montecatine,R"]
[PlyCount "78"]
[EventDate "2012.01.11"]
[SourceDate "2012.01.07"]

1. Nf3 Nf6 2. g3 g6 3. b3 Bg7 4. Bb2 O-O 5. Bg2 d6 6. d4 e5 7. dxe5 Nfd7 8. Nc3
dxe5 9. Qd2 Nc6 10. O-O-O a5 11. h4 h6 12. h5 g5 13. e4 Nd4 14. Nd5 c5 15. Nxd4
exd4 16. f4 a4 17. e5 axb3 18. axb3 Ra6 19. Rde1 Nb6 20. Nf6+ (20. Nxb6 Rxb6
21. Ba3 $14) 20... Bxf6 21. exf6 Nd5 (21... g4) (21... Qxf6 22. fxg5 Qxg5 23.
Qxg5+ hxg5 24. Re5 $16) 22. fxg5 (22. Re5 $16) 22... Ne3 23. gxh6 $16 (23. Rxe3
dxe3 24. Qxe3 Re8 25. Be4 Qd5 26. Bxd5 Rxe3 27. gxh6 Be6 28. Bxb7 Rb6 29. Kd2
Rxg3 30. Be4 $16) 23... Re8 24. Rhf1 (24. Bf1 $16) 24... Rxf6 $14 25. h7+ (25.
Rxf6 Qxf6 26. Rxe3 dxe3 27. Bxf6 exd2+ 28. Kxd2 Kh7 $11) 25... Kxh7 26. Qd3+ $6
(26. Rf2) 26... Kg8 (26... Bf5 $17) 27. Rxf6 Qxf6 28. Be4 $2 (28. Qd2 Re5 $15)
28... Qf2 $19 29. Bh7+ {Diagrama #} Kf8 $2 (29... Kh8 30. Rh1 Nf5 31. Bxf5 Bxf5
32. Rf1 (32. Qd2 Re2) 32... Re1+ 33. Rxe1 Bxd3 34. Re8+ Kg7 35. cxd3 Qxg3 $19)
30. Qe2 (30. Qd2 Qxg3 31. Kb1 $15) 30... Qxe2 (30... Qxg3) 31. Rxe2 Bg4 32. Re1
Bxh5 33. b4 b6 34. bxc5 bxc5 35. Ba3 Re5 (35... Rc8) 36. c3 Kg7 37. cxd4 cxd4
38. Bd3 Bg6 39. Kd2 Bxd3 $15 1/2-1/2

[Event "Open de Sevilla 2012"]
[Site "?"]
[Date "2012.01.11"]
[Round "5"]
[White "Matamoros Franco, Carlos S"]
[Black "Mellado Trivino, Juan"]
[Result "1-0"]
[WhiteElo "2552"]
[BlackElo "2435"]
[Annotator "Montecatine,R"]
[PlyCount "37"]
[EventDate "2012.01.11"]
[SourceDate "2012.01.07"]

1. Nf3 Nc6 2. d4 d5 3. Nbd2 Bf5 4. a3 e6 5. e3 Nf6 6. c4 dxc4 7. Bxc4 Bd6 8. b4
O-O 9. Bb2 Ne4 10. Be2 Qf6 11. Nc4 Qh6 12. Rc1 Ne7 13. Bd3 b5 (13... Nd5) 14.
Nce5 (14. Nxd6 cxd6 15. Bxb5 a5) 14... Nd5 15. Qc2 Bxe5 (15... a5) 16. Nxe5 f6
17. Bxe4 Nxe3 (17... Bxe4 18. Qxe4 fxe5 19. dxe5 $16) 18. fxe3 {Diagrama #}
Qh4+ $2 (18... Qxe3+ 19. Qe2 Qxe4 20. Nd7 $16) 19. Qf2 1-0

[Event "Open de Sevilla 2012"]
[Site "?"]
[Date "2012.01.11"]
[Round "5"]
[White "Teske , Henrik"]
[Black "Teran Alvarez , Ismael"]
[Result "1-0"]
[WhiteElo "2550"]
[BlackElo "2422"]
[Annotator "Montecatine,R"]
[PlyCount "85"]
[EventDate "2012.01.11"]
[SourceDate "2012.01.07"]

1. d4 e6 2. Nf3 f5 3. Bf4 Nf6 4. Nbd2 b6 5. e3 Bb7 6. Bd3 Bd6 7. Ne5 O-O 8. O-O
Nc6 9. a4 Nb4 10. Be2 Be7 11. c3 Nbd5 12. Bf3 d6 13. Nd3 Rb8 14. Bg3 a5 15. Re1
Ba6 16. Qc2 c5 17. dxc5 bxc5 18. e4 fxe4 {Diagrama #} 19. Nxe4 h6 $2 (19...
Nxe4 20. Rxe4 c4 (20... Rxf3 21. gxf3 Qc8 22. Rae1 c4 23. Nf4 Nxf4 24. Bxf4 e5
$14)) 20. Nxf6+ Nxf6 21. Rxe6 Bc4 22. Re2 Rb6 23. Rae1 Rf7 24. Rd2 Bb3 25. Qb1
Qc8 26. Nf4 Bf8 27. Bd1 Bxd1 28. Rexd1 Qb7 29. f3 Qc6 (29... d5) 30. Ne6 $18
Be7 31. Qc2 (31. Rxd6 Bxd6 32. Rxd6 Qxd6 33. Bxd6 Rxd6 34. Nxc5 $18) 31... Qc8
32. Nf4 Qb7 33. h4 d5 34. Nxd5 Nxd5 35. Rxd5 Rxb2 36. Qe4 Qa6 (36... Qb3) 37.
Rd8+ $18 Bf8 38. Ra8 Qf6 39. Be5 Qe6 40. Rdd8 Qa2 41. Qg6 Rbb7 42. h5 Qc4 43.
Qxg7+ 1-0

[Event "Open de Sevilla 2012"]
[Site "?"]
[Date "2012.01.11"]
[Round "5"]
[White "Urbina Perez , Juan Antonio"]
[Black "Cornette , Matthieu"]
[Result "0-1"]
[WhiteElo "2210"]
[BlackElo "2545"]
[Annotator "Montecatine,R"]
[PlyCount "94"]
[EventDate "2012.01.11"]
[SourceDate "2012.01.07"]

1. e4 d5 2. exd5 Qxd5 3. Nc3 Qa5 4. d4 Nf6 5. Nf3 Bf5 6. Bc4 e6 7. Bd2 Bb4 8.
a3 Bxc3 9. Bxc3 Qb6 10. O-O O-O 11. Ne5 Nc6 12. Nxc6 Qxc6 13. Bd3 Be4 14. Bxe4
Nxe4 15. Qd3 Rfd8 16. Rfe1 Nf6 17. Bd2 Qd6 18. Be3 Ng4 19. g3 Qd5 20. Qe2 Qf5
21. c3 Rd7 22. Kg2 Rad8 23. h3 Nf6 24. Qf3 Qb5 25. a4 Qd5 26. Qxd5 Nxd5 27. a5
f6 28. Ra3 a6 29. Rb3 c6 30. Kf3 Kf7 31. h4 Rc8 32. Re2 h6 33. Re1 g5 34. hxg5
hxg5 35. Rh1 Kg6 36. c4 Ne7 37. g4 Re8 {Diagrama #} 38. Rh5 $6 Nf5 39. Rh1 Nd6
40. Rc3 f5 $14 41. gxf5+ (41. Rcc1) 41... exf5 $17 42. d5 f4 43. Bb6 Ne4 44.
Rd3 Kf5 45. Rh5 $2 (45. Kg2 g4 46. f3 $17) 45... Nf6 {Diagrama #} 46. Rh6 Ng4
47. Rh5 Ne5+ 0-1

[Event "Open de Sevilla 2012"]
[Site "?"]
[Date "2012.01.11"]
[Round "5"]
[White "Arjun, Bharat"]
[Black "Malakhatko, Vladim"]
[Result "0-1"]
[WhiteElo "2194"]
[BlackElo "2524"]
[Annotator "Montecatine,R"]
[PlyCount "94"]
[EventDate "2012.01.11"]
[SourceDate "2012.01.07"]

1. Nf3 Nf6 2. c4 e6 3. g3 a6 4. Bg2 b5 5. b3 c5 6. Bb2 Bb7 7. O-O Be7 8. d3 Qb6
9. Nbd2 O-O 10. e4 d6 11. Qe2 Nc6 12. Rfd1 Nd7 13. Nf1 Bf6 14. Bxf6 Nxf6 15.
Ne3 Nd7 16. Nc2 Nde5 17. a4 Nxf3+ 18. Bxf3 bxa4 19. bxa4 Rab8 20. Rdb1 Qc7 21.
Qd1 Ba8 22. Bg2 Rxb1 23. Rxb1 Rb8 24. Rxb8+ (24. f4) 24... Qxb8 $17 25. h4 Qb2
26. Bf1 Bb7 27. h5 h6 28. Ne1 Bc8 29. Nf3 e5 30. Nh4 Nd4 31. Nf5 Bxf5 32. exf5
Kf8 (32... Nxf5 33. Qg4 Nd4 34. Qc8+ Kh7 35. Qxa6) 33. Qg4 Qb7 34. Bg2 Qd7 {
Diagrama #} 35. Be4 (35. Qe4 Qxa4 36. Qa8+ Ke7 37. Be4) 35... Qxa4 36. f6 gxf6
37. Qc8+ Qe8 38. Qxa6 Qd7 39. Kg2 f5 40. Bd5 f4 41. Qa8+ Kg7 42. Qb8 Qg4 43.
Qxd6 f3+ 44. Kf1 Qg5 45. Bxf3 Nxf3 46. Qxc5 Qxh5 47. Qd6 Nd4 0-1

[Event "Open de Sevilla 2012"]
[Site "?"]
[Date "2012.01.11"]
[Round "5"]
[White "Buxade Roca , Guillermo"]
[Black "Das , Arghyadip"]
[Result "0-1"]
[WhiteElo "2158"]
[BlackElo "2459"]
[Annotator "Montecatine,R"]
[PlyCount "96"]
[EventDate "2012.01.11"]
[SourceDate "2012.01.07"]

1. e4 e6 2. Qe2 c5 3. g3 Nc6 4. Bg2 Nge7 5. c3 d5 6. d3 g6 7. e5 Bg7 8. f4 g5
9. fxg5 Nxe5 10. Nf3 Nxf3+ 11. Bxf3 Nc6 12. O-O O-O 13. Bg2 b6 14. Na3 Ba6 15.
Nc2 Ne5 16. Ne1 Rc8 17. Rb1 Bb5 18. b3 a5 19. c4 Bc6 20. Nf3 Nd7 21. Bb2 Bxb2
22. Rxb2 dxc4 23. dxc4 Bxf3 24. Qxf3 Qxg5 25. Rbf2 (25. Qb7 Qe3+ 26. Kh1 Qd4
27. Re2 Rb8 28. Qc6) 25... Rc7 26. Qd3 Ne5 27. Qd6 Rd7 28. Qxb6 Qe3 29. Kh1
Rfd8 30. Qxa5 Rd1 {Diagrama #} 31. Qc7 (31. Rf4 $11) 31... R8d7 $17 32. Qb8+
Kg7 33. Rxd1 $2 Rxd1+ 34. Rf1 Ng4 35. Qf4 Nf2+ 36. Qxf2 Qxf2 37. Rxd1 Qxa2 38.
Rf1 Qxb3 39. Rf4 f5 40. Kg1 Kg6 41. Bf1 e5 42. Rf2 Qe3 43. Be2 h5 44. Kg2 h4
45. gxh4 f4 46. Kf1 e4 47. Kg1 f3 48. Bf1 Kh5 0-1

[Event "Open de Sevilla 2012"]
[Site "?"]
[Date "2012.01.11"]
[Round "5"]
[White "Fernandez-Martos Machado, Eduardo"]
[Black "Roy Chowdhury, Saptarshi"]
[Result "0-1"]
[WhiteElo "2133"]
[BlackElo "2414"]
[Annotator "Montecatine,R"]
[PlyCount "154"]
[EventDate "2012.01.11"]
[SourceDate "2012.01.07"]

1. d4 Nf6 2. c4 d6 3. Nc3 Nbd7 4. e4 e5 5. Nf3 Be7 6. Be2 O-O 7. O-O a6 8. Qc2
c6 9. Rd1 Qc7 10. h3 Re8 11. dxe5 dxe5 12. Be3 Bc5 13. Qd2 Bb4 14. Qc2 Bc5 15.
Qd2 Bf8 16. Rac1 a5 17. Bd3 Nc5 18. Bb1 a4 19. Nh2 b6 20. Bc2 Be6 21. b4 axb3
22. axb3 Ra3 23. Rb1 Nb7 24. Qe2 Bb4 25. Bc1 Raa8 26. Bb2 Rec8 27. Nf3 Bxc3 28.
Bxc3 Nd7 29. Ng5 Nf8 30. Nxe6 Nxe6 31. Qh5 f6 32. g3 Nd6 33. Qg4 Re8 34. Ra1
Rxa1 35. Bxa1 Nf7 36. Bc3 Qe7 37. b4 Rd8 38. Rxd8+ Nfxd8 39. Qd1 Nf7 40. Ba4
Qd8 41. Qxd8+ Nfxd8 {Diagrama #} 42. Kf1 (42. Bc2) 42... Ng5 43. Bc2 (43. Bd2
c5 (43... Nxe4 44. Be3 c5 45. Bc2) 44. Bxg5 fxg5 45. bxc5 bxc5 46. Bd7) 43...
Nxh3 44. Kg2 Ng5 45. f4 Ngf7 46. Bb3 c5 47. bxc5 bxc5 48. Kf3 Kf8 49. Ba5 Nb7
50. Bc7 Ke7 51. Ba4 exf4 52. gxf4 Nfd8 53. e5 f5 54. Bb6 Ne6 55. Ke3 Nbd8 56.
Bb5 g6 57. Ba4 h6 58. Bd1 Nc6 59. Bf3 Ncd8 60. Bd5 g5 61. fxg5 hxg5 62. Ba7 Kd7
63. Bb6 Nc6 64. Bxe6+ Kxe6 65. Bxc5 Kxe5 66. Bb6 f4+ 67. Kf2 g4 68. Bc7+ Ke4
69. Kg2 Kf5 70. Bb6 Ke4 71. Bc7 Ke3 72. Bb6+ Ke2 73. Bg1 Ne7 74. c5 Nf5 75. c6
f3+ 76. Kh1 f2 77. c7 f1=Q 0-1